| 000 | 01486nam a2200241Ia 4500 | ||
|---|---|---|---|
| 003 | Ost | ||
| 005 | 20260507075422.0 | ||
| 008 | 260507s9999||||xx |||||||||||||| ||und|| | ||
| 020 | _a9789957069490 | ||
| 040 | _cfsecg | ||
| 041 | _aara | ||
| 082 | _a330 | ||
| 100 |
_aمساعدة، ماجد عبد الهادي _eمؤلف |
||
| 245 | 0 |
_aإدارة المنظمات : _bمنظور كلي / _c ماجد عبد الهادي مساعدة |
|
| 250 | _aطبعة 2 | ||
| 260 |
_aعمان: _bدار المسير للنشر والتوزيع, _c2015 |
||
| 300 |
_a392 صفحة؛ _bإيضاحات ؛ _c25 سم |
||
| 520 | _aمدخل عام في دراسة المنظمة، التطور التاريخي لنظرية المنظمة، الأهداف والغايات التنظيمية، الإدارة الإستراتيجية والتوجه الإستراتيجي للمنظمة، إدارة البيئة الخارجية والداخلية للمنظمة، الهيكل التنظيمي، حجم المنظمة وعمرها ودورة حياتها، إدارة التكنولوجيا في المنظمات، إدارة المعلومات في المنظمات، إدارة الصراع التنظيمي، إدارة ثقافة المنظمة، إدارة التغيير والتطوير التنظيمي، إدارة الإبداع التنظيمي. | ||
| 653 | _aإدارة المؤسسات | ||
| 653 | _aإدارة- المنظمة | ||
| 653 | _aالمنظمات | ||
| 942 | _cكتاب | ||
| 999 |
_c44470 _d44470 |
||